01745nam a2200397 a 4500001001000000003000500010005001700015008004100032010001100073011001100084040000900095090001000104100003500114245023600149260004100385500006000426502010400486590004100590590004100631590004000672590004000712590004000752590004000792590004000832590004000872650005800912650005100970650006001021650002301081856007001104901000701174942001001181942000601191999001901197952013101216000115119CHAP20220329144516.0181016s2018 mx a sm |||||||spa d a111580 a112552 cCHAP aTesis1 aVilla Reyes, Fernando.913594410aAnálisis de los proyectos productivos del programa de conservación para el desarrollo sostenible (PROCODES) en la reserva de la biosfera Zicuirán-Infiernillo, Michoacán (2008-2015) /h[En línea]cpor Fernando Villa Reyes. aChapingo, Méx. :bEl autor,c2018. aPara ver el contenido del material haga clic en la liga aTesis (M.C. en Desarrollo Rural Regional) -- UACH. Dirección de Centros Regionales Universitarios aBATCH-UPDb10c20190604lUCH01h1533 aE11695DGDb10c20190604lUCH01h1532 aE8697GMMb05c20181016lUCH01h1442 aE8697GMMb05c20181016lUCH01h1444 aE8697GMMb05c20181017lUCH01h1140 aE8697GMMb05c20181017lUCH01h1143 aE8697GMMb05c20181130lUCH01h1434 aE8697GMMb05c20190516lUCH01h151814aDesarrollo de la comunidad ruralxMichoacán.93201514aProyectos de desarrolloxEvaluación.913231414aRecursos naturalesxConservaciónxMichoacán.99524114aSubsidios.9110160 aFinding aiduhttp://10.13.5.2/tesis/sist115119.pdfzTeclea aquí aBK cTESIS n0 c111580d111580 00104054718TESISaBCbBCd2018-10-16fTESISl0oTesisp115128-10r2019-12-31 00:00:00w2019-12-31yTESISzRecien adquirido